Comprehensive treatise on land surveying (Record no. 113965)

MARC details
000 -LEADER
fixed length control field 00629cam a22001815a 4500
001 - CONTROL NUMBER
control field L155992
008 - FIXED-LENGTH DATA ELEMENTS--GENERAL INFORMATION
fixed length control field 120424s1812 xxk f 000 0 eng d
035 ## - SYSTEM CONTROL NUMBER
System control number (Sirsi) u155992
041 0# - LANGUAGE CODE
Language code of text/sound track or separate title eng
100 1# - MAIN ENTRY--PERSONAL NAME
Personal name Ainslie, John
245 00 - TITLE STATEMENT
Title Comprehensive treatise on land surveying
Remainder of title comprising the theory and practice in all its branches
260 ## - PUBLICATION, DISTRIBUTION, ETC.
Place of publication, distribution, etc. Edinburgh
Name of publisher, distributor, etc. Silvester Doig & Andrew Stirling by John Brown
Date of publication, distribution, etc. 1812
300 ## - PHYSICAL DESCRIPTION
Extent xvi, 249 p., [40] leaves of plates (some col.)
Dimensions 28 cm.
583 ## - ACTION NOTE
Action Condition reviewed
Time/date of action 20120620
Status condition level 4
651 #4 - SUBJECT ADDED ENTRY--GEOGRAPHIC NAME
Geographic name Great Britain
Chronological subdivision 1707-
690 ## - LOCAL SUBJECT ADDED ENTRY--TOPICAL TERM (OCLC, RLIN)
Topical term or geographic name as entry element Measurement
9 (RLIN) 6256
942 ## - ADDED ENTRY ELEMENTS (KOHA)
Suppress in OPAC 0
Holdings
Withdrawn status Lost status Source of classification or shelving scheme Damaged status Not for loan Home library Current library Shelving location Date acquired Total Checkouts Full call number Barcode Date last seen Copy number Price effective from Koha item type
    Dewey Decimal Classification     Historic collection Historic collection Historic collection 24/04/2012   QUARTO 1812 AINSLIE 30077938 06/08/2019 1 06/08/2019 Book